000 00495nam a2200181 a 4500
001 1675
003 CO-ViMGA
008 141112s2004 ck r 000 u spa d
040 _aCO-ViMGA
_bspa
_cCO-ViMGA
082 0 4 _a853.1 B622r
100 1 _aBoccaccio, Giovanni
_95116
245 1 0 _aEl rubi del arzobispo y otros relatos
260 _aSantafé de Bogotá :
_bSantillana,
_c1996
300 _a78p.
490 _aRelato corto aguilar, 29
650 1 4 _aCUENTOS ITALIANOS
_93221
942 _2ddc
_cBK
999 _c13852
_d13852